000 00432cam a2200181 4500
001 D8210
008 090401t1982 xxu||||| |||| 00| 0 eng d
035 _a(Sirsi) u11782
041 _aeng
050 _a338.6042
100 _aEllis, Richard
245 4 _aThe impact of the microchip on demand for offices
260 _aLondon
_bRichard Ellis
_c1982
300 _a15p. 30cm
350 _a0
942 _n0
948 _c04/03/1997
999 _c86913
_d86913